000 00585nam a2200193 a 4500
005 20140310183212.0
008 030421s19uu xx 00 eng d
020 _a083591075x
050 _aHD 30.28
_b.C643 1984
100 _aColley, John, Jr. L.
245 _aCorporate and divisional planning :
_btext and cases /
_cJohn L. Colley, Jr.
260 _aReston, Virginia :
_bReston Publishing Co.,
_c1984.
300 _a443 p. :
_c26 cm.
521 _aBSBA
650 _aBusiness planning.
650 _aBusiness planning
_xCase studies.
942 _cBK
_2lcc
_kFOR
999 _c20166
_d20166